সৃষ্টির উল্লাসে রোবটিকস / (Record no. 12394)
[ view plain ]
| 000 -LEADER | |
|---|---|
| fixed length control field | 00672nam a2200229 a 4500 |
| 001 - CONTROL NUMBER | |
| JCCL Control Number | 12394 |
| 003 - CONTROL NUMBER IDENTIFIER | |
| JCCL marc code | BD-JhCC |
| 005 - DATE AND TIME OF LATEST TRANSACTION | |
| control field | 20230601093307.0 |
| 008 - FIXED-LENGTH DATA ELEMENTS--GENERAL INFORMATION | |
| fixed length control field | 220202b2021 bg a|||| ||a| 000 0 ben d |
| 020 ## - INTERNATIONAL STANDARD BOOK NUMBER | |
| International Standard Book Number | 9789849523444 |
| 035 ## - SYSTEM CONTROL NUMBER | |
| system control number | (BD-JhCC)12394 |
| 040 ## - CATALOGING SOURCE | |
| Original cataloging agency | BD-JhCC |
| Modifying agency | BD-JhCC |
| 041 ## - LANGUAGE CODE | |
| Language code of Book | Bengali |
| 082 ## - DEWEY DECIMAL CLASSIFICATION NUMBER | |
| Classification number | 629.892 |
| Author mark and Year | ISL 2021 |
| 100 ## - MAIN ENTRY--PERSONAL NAME | |
| Personal name | ইসলাম, মিশাল |
| 245 ## - TITLE STATEMENT | |
| Title | সৃষ্টির উল্লাসে রোবটিকস / |
| Statement of responsibility, etc | মিশাল ইসলাম। |
| 260 ## - PUBLICATION, DISTRIBUTION, ETC. (IMPRINT) | |
| Place of publication, distribution, etc | ঢাকা : |
| Name of publisher, distributor, etc | আদর্শ; |
| Date of publication, distribution, etc | ২০২১. |
| 300 ## - PHYSICAL DESCRIPTION | |
| Pagination | 173 P. : |
| Other physical details | ill; |
| Dimensions | 22 cm. |
| 650 ## - SUBJECT ADDED ENTRY--TOPICAL TERM | |
| Topical term or geographic name as entry element | Robotics |
| 942 ## - ADDED ENTRY ELEMENTS (KOHA) | |
| Source of classification or shelving scheme | Dewey Decimal Classification |
| Koha item type | Books |
| Koha issues (borrowed), all copies | 10 |
| Source of classification or shelving scheme | volume number | Damaged status | Not for loan | Home library | Current library | Shelving location | Date of accession | Cost, normal purchase price | Total Checkouts | Full call number | Barcode | Date last seen | Date checked out | Copy number | Koha item type | Checked out | Method of acquisition | Currency |
|---|---|---|---|---|---|---|---|---|---|---|---|---|---|---|---|---|---|---|
| Dewey Decimal Classification | V-2 | JCC Rouf Library | JCC Rouf Library | General Stacks | 06/10/2021 | 289.00 | 5 | 629.892 ISL 2021 | 16991 | 12/04/2023 | 11/29/2023 | C-1 | Books | |||||
| Dewey Decimal Classification | V-1 | JCC Rouf Library | JCC Rouf Library | General Stacks | 06/10/2021 | 357.00 | 12 | 629.892 ISL 2021 | 16869 | 07/30/2025 | 07/23/2025 | C-1 | Books | |||||
| Dewey Decimal Classification | V-4 | JCC Rouf Library | JCC Rouf Library | General Stacks | 06/14/2022 | 331.00 | 1 | 629.892 ISL 2022 | 17462 | 11/14/2022 | 11/14/2022 | C-3 | Books | 12/10/2022 | ||||
| Dewey Decimal Classification | V-3 | JCC Rouf Library | JCC Rouf Library | General Stacks | 06/01/2023 | 331.00 | 4 | 629.892 ISL 2022 | 17758 | 10/03/2024 | 09/09/2024 | C-1 | Books | Purchase | BDT | |||
| Dewey Decimal Classification | V-1 | JCC Rouf Library | JCC Rouf Library | General Stacks | 220.00 | 2 | 629.892 ISL 2024 | 20018 | 12/17/2025 | 12/17/2025 | C-2 | Books | 01/12/2026 | Exchange | BDT | |||
| Dewey Decimal Classification | V-2 | JCC Rouf Library | JCC Rouf Library | General Stacks | 220.00 | 629.892 ISL 2022 | 20017 | 02/13/2025 | C-2 | Books | Exchange | BDT | ||||||
| Dewey Decimal Classification | V-3 | JCC Rouf Library | JCC Rouf Library | General Stacks | 220.00 | 629.892 ISL 2023 | 20019 | 02/13/2025 | C-2 | Books | Exchange | BDT | ||||||
| Dewey Decimal Classification | V-4 | JCC Rouf Library | JCC Rouf Library | General Stacks | 220.00 | 629.892 ISL 2024 | 20020 | 02/13/2025 | C-2 | Books | Exchange | BDT |